ARRUPE JESUIT UNIVERSITY

CORONAVIRUS -STOP THE SPREAD - CLEAN,DISINFECT,COVER

Alternative futures for Africa / (Record no. 125297)

MARC details
000 -LEADER
fixed length control field 01118cam a2200337 a 4500
001 - CONTROL NUMBER
control field 1842727
003 - CONTROL NUMBER IDENTIFIER
control field ARRUPE
005 - DATE AND TIME OF LATEST TRANSACTION
control field 20160920152033.0
008 - FIXED-LENGTH DATA ELEMENTS--GENERAL INFORMATION
fixed length control field 810709s1982 coub b 001 0 eng
010 ## - LIBRARY OF CONGRESS CONTROL NUMBER
LC control number 81011469
020 ## - INTERNATIONAL STANDARD BOOK NUMBER
International Standard Book Number 0891587691 :
Terms of availability $30.00
020 ## - INTERNATIONAL STANDARD BOOK NUMBER
International Standard Book Number 0865312478 (pbk.) :
Terms of availability $14.00 (est.)
040 ## - CATALOGING SOURCE
Original cataloging agency DLC
Transcribing agency DLC
Modifying agency DLC
043 ## - GEOGRAPHIC AREA CODE
Geographic area code f------
050 00 - LIBRARY OF CONGRESS CALL NUMBER
Classification number HC800
Item number .A72
082 00 - DEWEY DECIMAL CLASSIFICATION NUMBER
Classification number 330.96/0328
Edition number 19
300 ## - PHYSICAL DESCRIPTION
Other physical details 1 map ;
Dimensions 24 cm.
110 ## - MAIN ENTRY--CORPORATE NAME
Corporate name or jurisdiction name as entry element Shaw, Timothy M.
Relator term ed.
9 (RLIN) 26007
245 00 - TITLE STATEMENT
Title Alternative futures for Africa /
Statement of responsibility, etc edited by Timothy M. Shaw.
260 ## - PUBLICATION, DISTRIBUTION, ETC. (IMPRINT)
Place of publication, distribution, etc Boulder,
Name of publisher, distributor, etc Westview Press,
Date of publication, distribution, etc 1982.
300 ## - PHYSICAL DESCRIPTION
Extent xxiii, 365 p. :
440 #0 - SERIES STATEMENT/ADDED ENTRY--TITLE
Title Westview special studies on Africa
9 (RLIN) 26008
500 ## - GENERAL NOTE
General note Includes index.
504 ## - BIBLIOGRAPHY, ETC. NOTE
Bibliography, etc Bibliography: p. 349-352.
651 #0 - SUBJECT ADDED ENTRY--GEOGRAPHIC NAME
Geographic name Africa
General subdivision Economic conditions
Chronological subdivision 1945
9 (RLIN) 26009
651 #0 - SUBJECT ADDED ENTRY--GEOGRAPHIC NAME
Geographic name Africa
General subdivision Economic integration.
9 (RLIN) 25706
651 #0 - SUBJECT ADDED ENTRY--GEOGRAPHIC NAME
Geographic name Africa
General subdivision Politics and government
Chronological subdivision 1960-
9 (RLIN) 26010
651 #0 - SUBJECT ADDED ENTRY--GEOGRAPHIC NAME
Geographic name Africa
General subdivision Social conditions
Chronological subdivision 1960-
9 (RLIN) 26011
700 1# - ADDED ENTRY--PERSONAL NAME
Personal name Shaw, Timothy M.
9 (RLIN) 26007
906 ## - LOCAL DATA ELEMENT F, LDF (RLIN)
a 7
b cbc
c orignew
d 1
e ocip
f 19
g y-gencatlg
942 ## - ADDED ENTRY ELEMENTS (KOHA)
Source of classification or shelving scheme Library of Congress Classification
Koha item type Monograph ( Printed materials)
Holdings
Withdrawn status Lost status Source of classification or shelving scheme Damaged status Not for loan Collection code Home library Current library Shelving location Date acquired Total Checkouts Full call number Barcode Date last seen Price effective from Koha item type
    Library of Congress Classification     Main Collection ARRUPE LIBRARY ARRUPE LIBRARY Main Collection 20/09/2016   HC800 .A72 46500010210 23/04/2018 20/09/2016 Monograph ( Printed materials)

 

Arrupe Library. PO Box MP320 Mt Pleasant, Harare, Zimbabwe
263 242 745411|librarian@aju.ac.zw